Normal view
MARC view
- Thesaurus A-Z
Entry Topical Term
001 - CONTROL NUMBER
- control field: 102536
003 - CONTROL NUMBER IDENTIFIER
- control field: NUST
005 - DATE AND TIME OF LATEST TRANSACTION
- control field: 20221111090701.0
008 - FIXED-LENGTH DATA ELEMENTS
- fixed length control field: 221111|| aca||aabn | a|a d
040 ## - CATALOGING SOURCE
- Original cataloging agency: NUST
- Transcribing agency: NUST
150 ## - HEADING--TOPICAL TERM
- Topical term or geographic name entry element: Thesaurus A-Z
670 ## - SOURCE DATA FOUND
- Source citation: Work cat.: (NUST): Collins Thesaurus A-Z :, 2005
